Aportes al Debate/
Сохранить в:
| Соавтор: | |
|---|---|
| Формат: | |
| Язык: | Spanish |
| Опубликовано: |
Heredia, Costa Rica:
UNA
|
| Предметы: | |
| Метки: |
Добавить метку
Нет меток, Требуется 1-ая метка записи!
|
MARC
| LEADER | 00000nam a22000007a 4500 | ||
|---|---|---|---|
| 003 | cru CIDCACS/IIS | ||
| 005 | 20201002094549.0 | ||
| 008 | 201002n cr |||p|r||||||0| ||spa|d | ||
| 999 | |c 43412 |d 43412 | ||
| 040 | |c cru CIDCACS/IIS | ||
| 090 | |a REV0048 | ||
| 110 | 1 | |9 840 |a Universidad Nacional de Costa Rica | |
| 245 | 1 | |a Aportes al Debate/ |c Universidad Nacional. Facultad de Ciencias Sociales. Escuela de Economía | |
| 260 | |a Heredia, Costa Rica: |b UNA | ||
| 500 | |a EXISTENCIAS : 1976-1978 (1-3) 1979 (4) 1980 (3*-4) 1982 (5*) 1983-1984 (abr.-ago,6*,7*) 1985-1988 (feb.-abr., 9, 11-20) 1991 1 (2) 1993 (3) *Serie Ensayos Críticos PERIODICIDAD : Irregular | ||
| 500 | |a ESTADO DEL REGISTRO:Ya no se recibe verificar | ||
| 650 | 0 | |9 2142 |a DESARROLLO ECONOMICO | |
| 650 | 4 | |9 2655 |a POLITICA ECONOMICA | |
| 650 | 4 | |9 2014 |a DESARROLLO AGROPECUARIO | |
| 650 | 0 | |9 411 |a DESARROLLO POLITICO | |
| 651 | 0 | |9 32 |a COSTA RICA | |
| 651 | 0 | |9 308 |a CENTROAMERICA | |
| 942 | |2 ddc |c PP | ||
